000 00378nam a22001577a 4500
020 _a978-1-84715-062-2
082 _a823
_bWEB/T
100 _aWEBB ,HOLLY
245 _aTIMMY IN TROUBLE
_bSHORT STORY
246 _aTIMMY IN TROUBLE
_bSHORT STORY
260 _aLONDON
_bSTRIPES PUBLISHING
_c2008
300 _a122
520 _aSHORT STORY
650 _aSHORT STORY
942 _cBK
999 _c1867
_d1867